කාන්තා අයිතීන් / මානව අයිතීන් : (Record no. 4379)

MARC details
000 -LEADER
fixed length control field 00897nam a22002057a 4500
003 - CONTROL NUMBER IDENTIFIER
control field LK-CoMWRAF
005 - DATE AND TIME OF LATEST TRANSACTION
control field 20231213085937.0
008 - FIXED-LENGTH DATA ELEMENTS--GENERAL INFORMATION
fixed length control field 231213b |||||||| |||| 00| 0 eng d
020 ## - INTERNATIONAL STANDARD BOOK NUMBER
International Standard Book Number 9559102656
040 ## - CATALOGING SOURCE
Original cataloging agency LK-CoMWRAF
Modifying agency LK-CoMWRAF
Description conventions LK-CoMWRAF
041 ## - LANGUAGE CODE
Language code of text/sound track or separate title Sinhala; Sinhalese
082 ## - DEWEY DECIMAL CLASSIFICATION NUMBER
Classification number 305.42
Item number BAN
942 ## - ADDED ENTRY ELEMENTS (KOHA)
Koha item type Books
100 ## - MAIN ENTRY--PERSONAL NAME
Personal name බන්චි. චාලට්
245 ## - TITLE STATEMENT
Title කාන්තා අයිතීන් / මානව අයිතීන් :
Remainder of title මානව අයිතීන් දෙස ප්‍ර‍තිසංස්කරණාත්මක බැලීමක්
246 ## - VARYING FORM OF TITLE
Title proper/short title kanatha aitheen / mdnawa aitheen : manawa aitheen desa prathisanskaranathmaka baleemak
260 ## - PUBLICATION, DISTRIBUTION, ETC. (IMPRINT)
Place of publication, distribution, etc. කොළඹ :
Name of publisher, distributor, etc. සමාජ විද්‍යාඥයින්ගේ සංගමය.
Date of publication, distribution, etc. 2003
650 ## - SUBJECT ADDED ENTRY--TOPICAL TERM
Topical term or geographic name as entry element කාන්තා අයිතීන්
650 ## - SUBJECT ADDED ENTRY--TOPICAL TERM
Topical term or geographic name as entry element මානව අයිතීන්
Holdings
Withdrawn status Lost status Damaged status Not for loan Permanent Location Current Location Date acquired Full call number Barcode Koha item type
        Resource center, Muslim Women's Research And Action Forum Resource center, Muslim Women's Research And Action Forum 2023-12-13 305.42 BAN RAF3435 Books
        Resource center, Muslim Women's Research And Action Forum Resource center, Muslim Women's Research And Action Forum 2023-12-13 305.42 BAN RAF3436 Books
        Resource center, Muslim Women's Research And Action Forum Resource center, Muslim Women's Research And Action Forum 2023-12-13 305.42 BAN RAF3437 Books

Copyright © 2023 Muslim Women's Research and Action Forum (MWRAF), No 27/3, Anderson Road, Kalubowila, Dehiwela. Funded by The Asia Fundation